000 00426nam a2200181Ia 4500
001 17170
005 20260306170405.0
008 260306t2000||||xx |||||||||||||| ||und||
041 _aESP
082 _a657.48
_bL31
100 _aLavolpe, Antonio
_eAUT
245 0 _aLa gestión presupuestaria
260 _c2000
300 _axxv, 498 páginas :
_c22 cm.
650 _aGEN
654 _aCCO
942 _cLIB
_dJUS
_fJUS
_2ddc
_n
999 _c17170
_d17170